000 00418nam a2200157Ia 4500
008 230711s9999||||xx |||||||||||||| ||und||
041 _aENG
082 _a621
_bPH-I
100 _aPhillips,D Wayne
245 0 _aImage Processing in C: Analyzing and Enhancing Digital Images
250 _a1st . Ed.
260 _c1995
_aNew Delhi
_bBPB Publications
300 _a724
650 _aElectronics Engineering
942 _cBK
999 _c3730
_d3730